The effectiveness of alternative methods of searching for jobs and finding them (Record no. 11482)

000 -LEADER
fixed length control field 00530pab a2200157 454500
008 - FIXED-LENGTH DATA ELEMENTS--GENERAL INFORMATION
fixed length control field 180718b1987 xxu||||| |||| 00| 0 eng d
100 ## - MAIN ENTRY--PERSONAL NAME
Personal name Wielgosz, John B.
245 ## - TITLE STATEMENT
Title The effectiveness of alternative methods of searching for jobs and finding them
Remainder of title An exploratory analysis of the data bearing upon the ways of coping with joblessness
260 ## - PUBLICATION, DISTRIBUTION, ETC.
Date of publication, distribution, etc. 1987
300 ## - PHYSICAL DESCRIPTION
Extent 151-64
362 ## - DATES OF PUBLICATION AND/OR SEQUENTIAL DESIGNATION
Dates of publication and/or sequential designation Apr.
650 ## - SUBJECT ADDED ENTRY--TOPICAL TERM
Topical term or geographic name entry element Job Analysis
700 ## - ADDED ENTRY--PERSONAL NAME
Personal name Susan Carpenter
773 ## - HOST ITEM ENTRY
Main entry heading American Journal of Economic and Sociology
909 ## -
-- 11482
Holdings
Withdrawn status Lost status Damaged status Not for loan Permanent Location Current Location Date acquired Serial Enumeration / chronology Barcode Date last seen Price effective from Koha item type
        Indian Institute of Public Administration Indian Institute of Public Administration 2018-07-19 Volume no: 46, Issue no: 2 AR11523 2018-07-19 2018-07-19 Articles

Powered by Koha